00349nam a2200157Ia 4500003000900000008004100009040001300050040001300063041000800076245003500084250000900119260002500128300000800153490000600161710002400167IT-RoPAU120407s9999 xx 000 0 und d aIT-RoPAU cIT-RoPAU aita aFamiglia Paolina in preghiera. aRoma aCasa Generalizia SSP c cm v1 aSocietà San Paolo